header

The origins of air war (Record no. 208919)

MARC details
000 -LEADER
fixed length control field 01394nam a2200325Ia 4500
100 1# - MAIN ENTRY--AUTHOR NAME
Personal name Grattan, Robert F.,
245 14 - TITLE STATEMENT
Title The origins of air war
260 ## - PUBLICATION, DISTRIBUTION, ETC. (IMPRINT)
Place of publication London :
Name of publisher Tauris Academic Studies,
Year of publication 2009.
300 ## - PHYSICAL DESCRIPTION
Number of Pages xvi, 288 p. :
Other physical details ill., 1 map.
490 1# - SERIES STATEMENT
Series statement International library of war studies ;
650 #0 - SUBJECT ADDED ENTRY--TOPICAL TERM
Topical Term Air warfare
Topical Term Airplanes, Military
Topical Term World War, 1914-1918
856 40 - ELECTRONIC LOCATION AND ACCESS
Uniform Resource Identifier http://site.ebrary.com/lib/rucke/Doc?id=10359173

No items available.

© 2026 Rongo University
Contact us: librarian | system librarian | Rongo university